000 00262nam a2200097Ia 4500
082 _aLP EF WIES
245 0 _aSuch a pretty girl
100 _a Wiess, Laura, , 1960- Leicester, 2009
_994814
942 _cBK
008 210817s9999 xx 000 0 und d
999 _c389442
_d389441